[Event "COL-chT Interligas"]
[Site "Palmira"]
[Date "2019.04.29"]
[Round "5.4"]
[White "Renteria, Rolando"]
[Black "Mateus Urbano, Luis Alejandro"]
[Result "0-1"]
[WhiteElo "2044"]
[BlackElo "2288"]
[PlyCount "48"]
[EventDate "2019.04.27"]
[EventType "team-swiss"]
[EventRounds "6"]
[EventCountry "COL"]
[SourceTitle "CBM 190 Extra"]
[Source "ChessBase"]
[SourceDate "2019.07.15"]
[SourceVersion "1"]
[SourceVersionDate "2019.07.15"]
[SourceQuality "1"]
[WhiteTeam "Valle Carlos Cuartas"]
[BlackTeam "Valle"]
[WhiteTeamCountry "COL"]
[BlackTeamCountry "COL"]

1. e4 d6 2. Nc3 c6 3. d4 Nf6 4. Nf3 Bg4 5. h3 Bh5 6. g4 Bg6 7. Bd3 e6 8. Qe2 d5 9. e5 Nfd7 10. Bd2 a6 11. Nd1 c5 12. c3 Nc6 13. Kf1 Qb6 14. Be3 Rc8 15. Bxg6 hxg6 16. Kg2 Be7 17. b3 cxd4 18. cxd4 Ba3 19. Nb2 Nb4 20. Rac1 0-0 21. Rxc8 Rxc8 22. Rc1 Rxc1 23. Bxc1 Nxa2 24. Be3 Qxb3 0-1

[Event "Palmira op"]
[Site "Palmira"]
[Date "2018.09.21"]
[Round "3"]
[White "Gallego, Julian Andres"]
[Black "Renteria, Rolando"]
[Result "1/2-1/2"]
[WhiteElo "2250"]
[BlackElo "2055"]
[PlyCount "107"]
[EventDate "2018.09.20"]
[EventType "swiss"]
[EventRounds "7"]
[EventCountry "COL"]
[SourceTitle "CBM 187 Extra"]
[Source "ChessBase"]
[SourceDate "2018.11.04"]
[SourceVersion "1"]
[SourceVersionDate "2018.11.04"]
[SourceQuality "1"]

1. d4 Nf6 2. Nf3 g6 3. c4 Bg7 4. Nc3 d6 5. e4 0-0 6. h3 e5 7. d5 a5 8. g4 Na6 9. Be3 Nc5 10. Nd2 c6 11. a3 Bd7 12. b4 Na6 13. Rb1 axb4 14. axb4 c5 15. Na2 cxb4 16. Nxb4 Nc5 17. Bg2 Ba4 18. Qe2 Nfd7 19. 0-0 Bf6 20. Ra1 Bg5 21. Ra2 Bxe3 22. Qxe3 Nb6 23. Rfa1 Qc7 24. Bf1 Rfc8 25. Ra3 Qd8 26. f4 exf4 27. Qxf4 Qe7 28. Rf3 Nbd7 29. Re3 Ne5 30. Rea3 Qc7 31. Nc2 Qd8 32. Nd4 Be8 33. N4f3 Ncd7 34. Kg2 Rxa3 35. Rxa3 Ra8 36. Rxa8 Qxa8 37. Nxe5 dxe5 38. Qf2 Qa3 39. Nf3 f6 40. Ne1 b6 41. Nd3 Qc3 42. Qa2 Kg7 43. Qa8 Qd2+ 44. Nf2 Bf7 45. Qc6 Nc5 46. Qxb6 Nxe4 47. Kg1 Ng3 48. Kg2 Nxf1 49. Kxf1 e4 50. Qxf6+ Kg8 51. Qd8+ Kg7 52. Qf6+ Kg8 53. Qd8+ Kg7 54. Qf6+ 1/2-1/2

[Event "COL pre olympic sf3"]
[Site "Dosquebradas"]
[Date "2018.06.04"]
[Round "10"]
[White "Renteria, Rolando"]
[Black "Montenegro, Juan Rolando"]
[Result "0-1"]
[WhiteElo "2051"]
[BlackElo "2102"]
[PlyCount "70"]
[EventDate "2018.05.30"]
[EventType "swiss"]
[EventRounds "10"]
[EventCountry "COL"]
[SourceTitle "CBM 184 Extra"]
[Source "ChessBase"]
[SourceDate "2018.06.28"]
[SourceVersion "1"]
[SourceVersionDate "2018.06.28"]
[SourceQuality "1"]

1. e4 e6 2. d4 d5 3. Nc3 Nf6 4. e5 Nfd7 5. f4 c5 6. Nf3 Nc6 7. Be3 Qa5 8. Qd2 Rb8 9. dxc5 Nxc5 10. Nd4 Nxd4 11. Bxd4 b5 12. b4 Qxb4 13. Rb1 Qa5 14. Bxb5+ Bd7 15. Bxd7+ Nxd7 16. 0-0 Rxb1 17. Rxb1 Bb4 18. Qd3 0-0 19. Ne2 Nc5 20. Qe3 Bd2 21. Qf3 Qxa2 22. Rb5 Ne4 23. Qb3 Qxb3 24. cxb3 a5 25. Ng3 Nxg3 26. hxg3 g6 27. Bc5 Rc8 28. Kf1 h5 29. Ke2 Bc3 30. Kf3 Kg7 31. Be7 g5 32. Bxg5 Bb4 33. f5 Rc3+ 34. Kf4 Rxb3 35. Bf6+ Kh7 0-1

[Event "COL pre olympic sf3"]
[Site "Dosquebradas"]
[Date "2018.06.03"]
[Round "8"]
[White "Renteria, Rolando"]
[Black "Suarez Zapata, Hernando"]
[Result "1/2-1/2"]
[WhiteElo "2051"]
[BlackElo "1924"]
[PlyCount "102"]
[EventDate "2018.05.30"]
[EventType "swiss"]
[EventRounds "10"]
[EventCountry "COL"]
[SourceTitle "CBM 184 Extra"]
[Source "ChessBase"]
[SourceDate "2018.06.28"]
[SourceVersion "1"]
[SourceVersionDate "2018.06.28"]
[SourceQuality "1"]

1. Nf3 d5 2. g3 c5 3. Bg2 Nc6 4. 0-0 Nf6 5. d3 e6 6. Nbd2 Be7 7. e4 dxe4 8. dxe4 Qc7 9. c3 0-0 10. Qe2 e5 11. Nc4 Bg4 12. Bg5 Rfd8 13. h3 Bxf3 14. Bxf3 h6 15. Bxf6 Bxf6 16. Ne3 Ne7 17. h4 g6 18. h5 Qc6 19. hxg6 fxg6 20. Rad1 b5 21. Nd5 c4 22. Kg2 a6 23. Rd2 Bg5 24. Rfd1 Kg7 25. Nxe7 Bxe7 26. Rd5 Rxd5 27. Rxd5 Qc7 28. Bg4 Rd8 29. Qd1 Rxd5 30. Qxd5 Qc5 31. Qb7 a5 32. Be6 b4 33. Bd5 bxc3 34. Qb8 Qd6 35. Qg8+ Kf6 36. bxc3 Kg5 37. Bxc4 Qc6 38. Kf3 Qf6+ 39. Ke2 Qc6 40. Kd3 Qd7+ 41. Qd5 Qxd5+ 42. exd5 Bc5 43. f3 Bf2 44. d6 Kf6 45. Ke4 Be1 46. Kd5 Bxc3 47. Kc6 a4 48. a3 h5 49. Kb5 Be1 50. Kxa4 Bxg3 51. Kb5 e4 1/2-1/2

[Event "COL pre olympic sf3"]
[Site "Dosquebradas"]
[Date "2018.06.02"]
[Round "6"]
[White "Renteria, Rolando"]
[Black "Mateus Urbano, Luis Alejandro"]
[Result "0-1"]
[WhiteElo "2051"]
[BlackElo "2305"]
[PlyCount "30"]
[EventDate "2018.05.30"]
[EventType "swiss"]
[EventRounds "10"]
[EventCountry "COL"]
[SourceTitle "CBM 184 Extra"]
[Source "ChessBase"]
[SourceDate "2018.06.28"]
[SourceVersion "1"]
[SourceVersionDate "2018.06.28"]
[SourceQuality "1"]

1. e4 d6 2. d4 Nf6 3. Nc3 c6 4. f3 Nbd7 5. Be3 e5 6. Qd2 Be7 7. Nge2 h5 8. 0-0-0 0-0 9. d5 a6 10. Rg1 cxd5 11. exd5 b5 12. Ng3 Nb6 13. Bxb6 Qxb6 14. Nce4 Nxe4 15. Nxe4 Qxg1 0-1

[Event "COL pre olympic sf3"]
[Site "Dosquebradas"]
[Date "2018.05.31"]
[Round "3"]
[White "Guzman, Pedro Juan"]
[Black "Renteria, Rolando"]
[Result "0-1"]
[WhiteElo "1840"]
[BlackElo "2051"]
[PlyCount "72"]
[EventDate "2018.05.30"]
[EventType "swiss"]
[EventRounds "10"]
[EventCountry "COL"]
[SourceTitle "CBM 184 Extra"]
[Source "ChessBase"]
[SourceDate "2018.06.28"]
[SourceVersion "1"]
[SourceVersionDate "2018.06.28"]
[SourceQuality "1"]

1. e4 e5 2. Nf3 Nc6 3. Bc4 Bc5 4. Nc3 Nf6 5. d3 h6 6. 0-0 d6 7. h3 g5 8. Nh2 g4 9. Nxg4 Nxg4 10. hxg4 Rg8 11. Qf3 Be6 12. Bxe6 fxe6 13. Bxh6 Nd4 14. Qh3 Kd7 15. g5 Rxg5 16. Bxg5 Qxg5 17. Na4 Ne2+ 18. Kh1 Qg7 19. Nxc5+ dxc5 20. Rae1 Nf4 21. Qg3 Rh8+ 22. Kg1 Qh7 23. f3 Rg8 24. Qh2 Qg7 25. g4 Rh8 26. Re2 Rxh2 27. Rxh2 Kc6 28. Kf2 Qd7 29. b3 b5 30. Kg3 a5 31. g5 Qf7 32. Kg4 Ng6 33. Rh6 Kd6 34. Kh5 Ne7+ 35. g6 Qf4 36. Rh7 Qh2+ 0-1

[Event "COL pre olympic sf3"]
[Site "Dosquebradas"]
[Date "2018.05.30"]
[Round "1"]
[White "Castano Olaya, Jair"]
[Black "Renteria, Rolando"]
[Result "0-1"]
[WhiteElo "1530"]
[BlackElo "2051"]
[PlyCount "70"]
[EventDate "2018.05.30"]
[EventType "swiss"]
[EventRounds "10"]
[EventCountry "COL"]
[SourceTitle "CBM 184 Extra"]
[Source "ChessBase"]
[SourceDate "2018.06.28"]
[SourceVersion "1"]
[SourceVersionDate "2018.06.28"]
[SourceQuality "1"]

1. e4 e5 2. Nf3 d6 3. d4 Nd7 4. Nc3 c6 5. Be2 Ngf6 6. 0-0 Be7 7. a4 a5 8. Re1 0-0 9. b3 Ne8 10. Qd3 b6 11. Bb2 Qc7 12. Rad1 Ba6 13. Qd2 Bxe2 14. Qxe2 Bf6 15. Nb1 g6 16. dxe5 dxe5 17. Ba3 Nc5 18. Qe3 Be7 19. Nbd2 Ng7 20. Nc4 f6 21. Rd2 Rad8 22. Red1 Rxd2 23. Rxd2 Nge6 24. Nb2 Re8 25. h3 Nxe4 26. Qxe4 Bxa3 27. Nc4 Bc5 28. Kf1 Nf4 29. Nb2 b5 30. Nd3 f5 31. Qe1 Nxd3 32. Rxd3 e4 33. Rd1 Qf4 34. Qd2 Qxd2 35. Nxd2 Rd8 0-1

[Event "COL-ch sf 2nd"]
[Site "Tunja"]
[Date "2018.04.21"]
[Round "9"]
[White "Cespedes Galindo, Estefania"]
[Black "Renteria, Rolando"]
[Result "0-1"]
[WhiteElo "1775"]
[BlackElo "2024"]
[PlyCount "62"]
[EventDate "2018.04.17"]
[EventType "swiss"]
[EventRounds "10"]
[EventCountry "COL"]
[SourceTitle "CBM 184 Extra"]
[Source "ChessBase"]
[SourceDate "2018.06.28"]
[SourceVersion "1"]
[SourceVersionDate "2018.06.28"]
[SourceQuality "1"]

1. d4 Nf6 2. Nf3 g6 3. Bg5 Bg7 4. h3 0-0 5. e3 d6 6. Bd3 Qe8 7. 0-0 e5 8. dxe5 dxe5 9. e4 Nbd7 10. Be3 Qe7 11. Nc3 Nc5 12. Qe2 Nxd3 13. cxd3 c5 14. Rac1 b6 15. Nd2 Nh5 16. Nc4 Be6 17. Kh2 Rad8 18. Rfd1 Rd7 19. g3 Rfd8 20. Rd2 Qe8 21. a3 f6 22. a4 Bf8 23. a5 Rb8 24. axb6 axb6 25. Nb5 Qc8 26. f4 exf4 27. gxf4 Qc6 28. Rg1 Rg7 29. Nca3 c4 30. Rc2 Bxa3 31. Nxa3 b5 0-1

[Event "COL-ch sf 2nd"]
[Site "Tunja"]
[Date "2018.04.20"]
[Round "6"]
[White "Renteria, Rolando"]
[Black "Mateus Urbano, Luis Alejandro"]
[Result "1/2-1/2"]
[WhiteElo "2024"]
[BlackElo "2321"]
[PlyCount "27"]
[EventDate "2018.04.17"]
[EventType "swiss"]
[EventRounds "10"]
[EventCountry "COL"]
[SourceTitle "CBM 184 Extra"]
[Source "ChessBase"]
[SourceDate "2018.06.28"]
[SourceVersion "1"]
[SourceVersionDate "2018.06.28"]
[SourceQuality "1"]

1. e4 c5 2. Nf3 g6 3. d4 cxd4 4. Nxd4 Nc6 5. c4 Nf6 6. Nc3 Bg7 7. Be2 Nxd4 8. Qxd4 d6 9. Be3 Be6 10. Rc1 0-0 11. Qd2 Qa5 12. b3 Rfc8 13. 0-0 Qd8 14. Rfd1 1/2-1/2

[Event "Cali Cuartas Memorial op"]
[Site "Cali"]
[Date "2017.11.26"]
[Round "8"]
[White "Campos, Cristian1111"]
[Black "Renteria, Rolando"]
[Result "0-1"]
[WhiteElo "1955"]
[BlackElo "2042"]
[PlyCount "106"]
[EventDate "2017.11.22"]
[EventType "swiss"]
[EventRounds "10"]
[EventCountry "COL"]
[SourceTitle "EXT 2019"]
[Source "ChessBase"]
[SourceDate "2018.10.10"]
[SourceVersion "1"]
[SourceVersionDate "2018.10.10"]
[SourceQuality "1"]

1. e4 e5 2. Nf3 Nc6 3. Bb5 a6 4. Ba4 Nf6 5. 0-0 Be7 6. c3 b5 7. Bb3 d6 8. Re1 0-0 9. d3 Rb8 10. Nbd2 Nd7 11. Nf1 Bf6 12. Ng3 Nc5 13. Bc2 Ne6 14. Qe2 g6 15. h3 Bg7 16. Be3 Qf6 17. Nh2 h5 18. Rf1 Nf4 19. Qf3 Bh6 20. Kh1 Kg7 21. Ne2 Rh8 22. Rad1 Be6 23. d4 Bc4 24. Bxf4 Bxf4 25. Rfe1 Bxe2 26. Rxe2 Bxh2 27. Qxf6+ Kxf6 28. Kxh2 Ke7 29. g3 f6 30. Bb3 Na5 31. f4 Nxb3 32. axb3 a5 33. Ra1 Ra8 34. d5 a4 35. b4 h4 36. fxe5 hxg3+ 37. Kxg3 dxe5 38. h4 Rh6 39. Rh2 Rah8 40. Rah1 f5 41. Kf3 Kf6 42. Rh3 Rh5 43. R3h2 Kf7 44. exf5 gxf5 45. Re2 Kf6 46. Rhe1 e4+ 47. Ke3 Ke5 48. Rg1 Rxh4 49. Rg7 R4h7 50. Rg5 Rh3+ 51. Kd2 Rh2 52. Rxh2 Rxh2+ 53. Kc1 e3 0-1

[Event "Cali Cuartas Memorial op"]
[Site "Cali"]
[Date "2017.11.23"]
[Round "2"]
[White "Gallego, Julian Andres"]
[Black "Renteria, Rolando"]
[Result "1-0"]
[WhiteElo "2203"]
[BlackElo "2042"]
[PlyCount "79"]
[EventDate "2017.11.22"]
[EventType "swiss"]
[EventRounds "10"]
[EventCountry "COL"]
[SourceTitle "EXT 2019"]
[Source "ChessBase"]
[SourceDate "2018.10.10"]
[SourceVersion "1"]
[SourceVersionDate "2018.10.10"]
[SourceQuality "1"]

1. d4 Nf6 2. Nf3 g6 3. c4 Bg7 4. Nc3 d6 5. e4 0-0 6. h3 e5 7. d5 a5 8. g4 Na6 9. Be3 Nc5 10. Nd2 c6 11. a3 Bd7 12. Rg1 Ne8 13. g5 f5 14. h4 Na6 15. Nb3 f4 16. Bd2 Nac7 17. h5 Rf7 18. Qf3 Bf8 19. Bh3 Ng7 20. Bxd7 Qxd7 21. hxg6 hxg6 22. a4 Na6 23. 0-0-0 Nb4 24. Kb1 Nh5 25. Rh1 Rh7 26. Rh4 Be7 27. Rdh1 Bd8 28. Nc1 Bb6 29. N1e2 Rf8 30. b3 Bc5 31. Kb2 Rc8 32. R1h3 Kg7 33. Nd1 Re8 34. Bc3 Kg8 35. Rxh5 gxh5 36. g6 Rh6 37. Rxh5 Qg7 38. Nxf4 Nxd5 39. cxd5 Qh8 40. Rf5 1-0

[Event "American Continental 13th"]
[Site "Medellin"]
[Date "2017.06.14"]
[Round "7"]
[White "Gallardo Rojel, Alejandro"]
[Black "Renteria, Rolando"]
[Result "1/2-1/2"]
[WhiteElo "1837"]
[BlackElo "2077"]
[PlyCount "63"]
[EventDate "2017.06.10"]
[EventType "swiss"]
[EventRounds "11"]
[EventCountry "COL"]
[SourceTitle "CBM 178 Extra"]
[Source "ChessBase"]
[SourceDate "2017.06.22"]
[SourceVersion "1"]
[SourceVersionDate "2017.06.22"]
[SourceQuality "1"]

1. e4 c5 2. Nf3 e6 3. b3 d5 4. exd5 exd5 5. Bb5+ Nc6 6. 0-0 Be6 7. Bb2 d4 8. d3 Qb6 9. Bxc6+ Qxc6 10. Ng5 0-0-0 11. Nxe6 fxe6 12. Nd2 Ne7 13. Nc4 Ng6 14. Re1 h5 15. Ne5 Nxe5 16. Rxe5 Bd6 17. Rxh5 g6 18. Rxh8 Rxh8 19. h3 Qd5 20. Qg4 Qe5 21. Kf1 g5 22. Re1 Qf5 23. Qe4 Rh6 24. Bc1 Rg6 25. g4 Qf7 26. Re2 Kb8 27. Kg2 Ka8 28. Bd2 Bb8 29. b4 Qc7 30. Kf1 Qh2 31. bxc5 Qxh3+ 32. Qg2 1/2-1/2

[Event "COL-ch"]
[Site "Palmira"]
[Date "2017.05.21"]
[Round "10"]
[White "Renteria, Rolando"]
[Black "Cardozo, Stid Jafhar"]
[Result "1/2-1/2"]
[WhiteElo "2106"]
[BlackElo "1842"]
[PlyCount "60"]
[EventDate "2017.05.15"]
[EventType "swiss"]
[EventRounds "10"]
[EventCountry "COL"]
[SourceTitle "CBM 178 Extra"]
[Source "ChessBase"]
[SourceDate "2017.06.22"]
[SourceVersion "1"]
[SourceVersionDate "2017.06.22"]
[SourceQuality "1"]

1. e4 c5 2. Nf3 e6 3. d4 cxd4 4. Nxd4 a6 5. Nc3 Qc7 6. a3 Nf6 7. Be3 b5 8. Bd3 Bc5 9. 0-0 Bb7 10. Qe2 Qb6 11. e5 Bxd4 12. exf6 gxf6 13. Ne4 Bxe4 14. Bxe4 d5 15. Bxd5 Ra7 16. Be4 Bxe3 17. fxe3 Nd7 18. Kh1 h5 19. Rad1 Qc5 20. b4 Qc3 21. Rd3 Qe5 22. Bc6 Ke7 23. Bxd7 Rxd7 24. Rxd7+ Kxd7 25. Rd1+ Ke7 26. Qf3 Rd8 27. Qb7+ Ke8 28. Qc6+ Ke7 29. Qb7+ Ke8 30. Qc6+ Ke7 1/2-1/2

[Event "COL-ch"]
[Site "Palmira"]
[Date "2017.05.19"]
[Round "7"]
[White "Zapata Cuartas, Juan Carlos"]
[Black "Renteria, Rolando"]
[Result "1-0"]
[WhiteElo "2073"]
[BlackElo "2106"]
[PlyCount "91"]
[EventDate "2017.05.15"]
[EventType "swiss"]
[EventRounds "10"]
[EventCountry "COL"]
[SourceTitle "CBM 178 Extra"]
[Source "ChessBase"]
[SourceDate "2017.06.22"]
[SourceVersion "1"]
[SourceVersionDate "2017.06.22"]
[SourceQuality "1"]

1. d4 Nf6 2. c4 g6 3. Nc3 Bg7 4. e4 d6 5. Nf3 0-0 6. Be2 e5 7. 0-0 Nbd7 8. h3 c6 9. dxe5 dxe5 10. Be3 Qe7 11. Qc2 Nh5 12. Rfe1 Nf4 13. Bf1 Nc5 14. Rad1 Re8 15. Rd2 b6 16. Qd1 Bf8 17. Kh2 Qc7 18. g3 Nfe6 19. b4 Na6 20. a3 Nb8 21. Bg2 Bb7 22. Ng5 Nxg5 23. Bxg5 h6 24. Bd8 Qc8 25. h4 Qe6 26. Qe2 Bc8 27. Red1 a5 28. Bxb6 axb4 29. axb4 Bxb4 30. Rd8 Rxd8 31. Rxd8+ Kg7 32. Qb2 Be7 33. Rd1 Qxc4 34. Bc7 Ba3 35. Bxe5+ f6 36. Bxf6+ Kf7 37. Qa1 Bg4 38. Rd4 Qc5 39. Na4 Qf8 40. e5 Be6 41. Nb6 Ra5 42. Rd8 Qc5 43. Rxb8 Qxf2 44. Rb7+ Ke8 45. Qb1 Bf5 46. Qb3 1-0

[Event "COL-ch"]
[Site "Palmira"]
[Date "2017.05.17"]
[Round "4"]
[White "Chavez Duero, Brayan Steven"]
[Black "Renteria, Rolando"]
[Result "0-1"]
[WhiteElo "1782"]
[BlackElo "2106"]
[PlyCount "57"]
[EventDate "2017.05.15"]
[EventType "swiss"]
[EventRounds "10"]
[EventCountry "COL"]
[SourceTitle "CBM 178 Extra"]
[Source "ChessBase"]
[SourceDate "2017.06.22"]
[SourceVersion "1"]
[SourceVersionDate "2017.06.22"]
[SourceQuality "1"]

1. d4 Nf6 2. Bf4 g6 3. Nf3 Bg7 4. e3 Nh5 5. Be5 f6 6. Bg3 0-0 7. e4 Nxg3 8. hxg3 e6 9. c3 d5 10. Nbd2 b6 11. Bd3 f5 12. e5 c5 13. Qe2 Nc6 14. Qe3 cxd4 15. cxd4 Nb4 16. a3 Nxd3+ 17. Qxd3 a5 18. Rc1 Ba6 19. Qe3 Rc8 20. Rc3 Qd7 21. Nb1 Qb5 22. Qd2 Bh6 23. Qc2 Bc1 24. Qd1 Rxc3 25. Nxc3 Qxb2 26. Ne2 Rc8 27. Nfg1 Rc2 28. f4 Be3 29. Qxc2 0-1

[Event "Cali Region-ch"]
[Site "Cali"]
[Date "2017.04.30"]
[Round "5"]
[White "Arango Martinez, Andres"]
[Black "Renteria, Rolando"]
[Result "0-1"]
[WhiteElo "1990"]
[BlackElo "2106"]
[PlyCount "62"]
[EventDate "2017.04.28"]
[EventType "swiss"]
[EventRounds "7"]
[EventCountry "COL"]
[SourceTitle "CBM 178 Extra"]
[Source "ChessBase"]
[SourceDate "2017.06.22"]
[SourceVersion "1"]
[SourceVersionDate "2017.06.22"]
[SourceQuality "1"]

1. e3 d5 2. b3 f5 3. Bb2 c6 4. f4 Nf6 5. Nf3 e6 6. Be2 Be7 7. 0-0 Nbd7 8. h3 b6 9. d3 Bb7 10. Ng5 Nf8 11. Nf3 Bc5 12. Nd4 Qe7 13. Nd2 Ba3 14. Bxa3 Qxa3 15. N2f3 N6d7 16. e4 g6 17. Ng5 Qe7 18. exf5 exf5 19. Re1 Qe3+ 20. Kh1 Qxd4 21. Bf3+ Kd8 22. Nf7+ Kc7 23. Nxh8 Qxh8 24. d4 Qf6 25. Qd2 Qf7 26. Qc3 Nf6 27. a4 Ne4 28. Bxe4 fxe4 29. Qg3 Qf5 30. Re3 Ne6 31. c3 c5 0-1

[Event "Cali Region-ch"]
[Site "Cali"]
[Date "2017.04.30"]
[Round "4"]
[White "Renteria, Rolando"]
[Black "Herrera, Juan Sebastian"]
[Result "0-1"]
[WhiteElo "2106"]
[BlackElo "2189"]
[PlyCount "34"]
[EventDate "2017.04.28"]
[EventType "swiss"]
[EventRounds "7"]
[EventCountry "COL"]
[SourceTitle "CBM 178 Extra"]
[Source "ChessBase"]
[SourceDate "2017.06.22"]
[SourceVersion "1"]
[SourceVersionDate "2017.06.22"]
[SourceQuality "1"]

1. e4 g6 2. d4 Bg7 3. c4 d6 4. Nc3 e5 5. Nf3 Nc6 6. d5 Nce7 7. h3 h6 8. g4 c6 9. c5 cxd5 10. Bb5+ Kf8 11. exd5 a6 12. cxd6 Qxd6 13. 0-0 axb5 14. Nxb5 Qc5 15. d6 Qxb5 16. dxe7+ Nxe7 17. Be3 Be6 0-1

[Event "Medellin Antioquia Cup"]
[Site "Medellin"]
[Date "2016.10.14"]
[Round "5"]
[White "Renteria, Rolando"]
[Black "Dabraccio, Guillermo"]
[Result "1-0"]
[WhiteElo "2125"]
[BlackElo "1670"]
[PlyCount "49"]
[EventDate "2016.10.12"]
[EventType "swiss"]
[EventRounds "8"]
[EventCountry "COL"]
[SourceTitle "CBM 175 Extra"]
[Source "ChessBase"]
[SourceDate "2016.12.12"]
[SourceVersion "1"]
[SourceVersionDate "2016.12.12"]
[SourceQuality "1"]

1. e4 c5 2. Nf3 Nc6 3. d3 e6 4. g3 g6 5. d4 cxd4 6. Nxd4 a6 7. Nc3 Qb6 8. Nb3 Bg7 9. Be3 Qc7 10. f4 d6 11. Qd2 b5 12. 0-0-0 Nge7 13. Qxd6 Qxd6 14. Rxd6 0-0 15. Bg2 e5 16. f5 f6 17. g4 g5 18. Rhd1 Rb8 19. Bc5 Re8 20. h4 gxh4 21. g5 Kf7 22. Bf3 Rg8 23. Bh5+ Kf8 24. Rd8+ Nxd8 25. Rxd8# 1-0

[Event "Medellin Antioquia Cup"]
[Site "Medellin"]
[Date "2016.10.13"]
[Round "2"]
[White "Renteria, Rolando"]
[Black "Valderrama Quiceno, Esteban Alberto"]
[Result "0-1"]
[WhiteElo "2125"]
[BlackElo "2418"]
[PlyCount "72"]
[EventDate "2016.10.12"]
[EventType "swiss"]
[EventRounds "8"]
[EventCountry "COL"]
[SourceTitle "CBM 175 Extra"]
[Source "ChessBase"]
[SourceDate "2016.12.12"]
[SourceVersion "1"]
[SourceVersionDate "2016.12.12"]
[SourceQuality "1"]

1. Nf3 Nf6 2. g3 b6 3. Bg2 Bb7 4. 0-0 c5 5. d3 e6 6. e4 Be7 7. Nbd2 0-0 8. Re1 Qc7 9. c3 d6 10. Qe2 Re8 11. a3 Nc6 12. b3 Bf8 13. Bb2 g6 14. Rac1 Bg7 15. d4 Rad8 16. e5 dxe5 17. dxe5 Ng4 18. c4 Ncxe5 19. Nxe5 Nxe5 20. Bxe5 Bxe5 21. Bxb7 Qxb7 22. Qxe5 Rxd2 23. Re3 Red8 24. Rce1 Rd1 25. h4 Rxe1+ 26. Rxe1 Qf3 27. Rf1 h5 28. Qc7 Ra8 29. b4 Qxa3 30. b5 Qa4 31. Rc1 Qa5 32. Rd1 a6 33. Rd6 axb5 34. Rxb6 Qe1+ 35. Kg2 Qe4+ 36. Kh2 Ra1 0-1

[Event "COL pre olympic sf"]
[Site "Bogota"]
[Date "2016.05.30"]
[Round "9"]
[White "Hernandez Montes, Jhon Sebastian"]
[Black "Renteria, Rolando"]
[Result "1-0"]
[WhiteElo "2118"]
[BlackElo "2089"]
[PlyCount "69"]
[EventDate "2016.05.25"]
[EventType "swiss"]
[EventRounds "9"]
[EventCountry "COL"]
[SourceTitle "CBM 172 Extra"]
[Source "ChessBase"]
[SourceDate "2016.06.21"]
[SourceVersion "1"]
[SourceVersionDate "2016.06.21"]
[SourceQuality "1"]

1. e4 e5 2. Nf3 Nc6 3. Bb5 a6 4. Ba4 Nf6 5. d3 b5 6. Bb3 d6 7. c3 Be7 8. 0-0 0-0 9. Nbd2 Bb7 10. Re1 d5 11. Qe2 dxe4 12. dxe4 h6 13. Nf1 Re8 14. Ng3 Bf8 15. Rd1 Qc8 16. h3 Na5 17. Bc2 Nc4 18. Nh4 g6 19. b3 Nd6 20. a4 c5 21. Bxh6 Ndxe4 22. Nxe4 Bxe4 23. Bxe4 Nxe4 24. Qxe4 Bxh6 25. axb5 axb5 26. Nxg6 Rxa1 27. Rxa1 Qe6 28. Nh4 Qxb3 29. Nf5 Qe6 30. Rd1 Bf8 31. Rd3 Be7 32. Rg3+ Kf8 33. Ng7 Qc4 34. Qh7 Qh4 35. Ne6+ 1-0

[Event "COL pre olympic sf"]
[Site "Bogota"]
[Date "2016.05.29"]
[Round "8"]
[White "Renteria, Rolando"]
[Black "Zuluaga Mancilla, Cesar"]
[Result "1-0"]
[WhiteElo "2089"]
[BlackElo "2323"]
[PlyCount "63"]
[EventDate "2016.05.25"]
[EventType "swiss"]
[EventRounds "9"]
[EventCountry "COL"]
[SourceTitle "CBM 172 Extra"]
[Source "ChessBase"]
[SourceDate "2016.06.21"]
[SourceVersion "1"]
[SourceVersionDate "2016.06.21"]
[SourceQuality "1"]

1. e4 c5 2. Nf3 a6 3. Nc3 e6 4. d4 cxd4 5. Nxd4 Qc7 6. g3 Nc6 7. Bg2 d6 8. 0-0 Bd7 9. Re1 Nf6 10. Nxc6 bxc6 11. a4 a5 12. b3 e5 13. Ba3 Be7 14. Qd3 Rd8 15. Nd1 0-0 16. Ne3 Rfe8 17. Qc3 Be6 18. Red1 Rd7 19. Nc4 Ra8 20. Rd2 Bf8 21. Ne3 Rad8 22. Nc4 d5 23. Bxf8 Rxf8 24. Nxe5 Rdd8 25. exd5 Nxd5 26. Bxd5 Bxd5 27. Rad1 Qc8 28. Nxc6 Bxc6 29. Rxd8 Rxd8 30. Rxd8+ Qxd8 31. Qxc6 h5 32. h4 1-0

[Event "COL pre olympic sf"]
[Site "Bogota"]
[Date "2016.05.27"]
[Round "4"]
[White "Renteria, Rolando"]
[Black "Ruiz Aguilar, Pablo Alexander"]
[Result "1-0"]
[WhiteElo "2089"]
[BlackElo "2255"]
[PlyCount "73"]
[EventDate "2016.05.25"]
[EventType "swiss"]
[EventRounds "9"]
[EventCountry "COL"]
[SourceTitle "CBM 172 Extra"]
[Source "ChessBase"]
[SourceDate "2016.06.21"]
[SourceVersion "1"]
[SourceVersionDate "2016.06.21"]
[SourceQuality "1"]

1. e4 c5 2. Nf3 e6 3. d4 cxd4 4. Nxd4 a6 5. Nc3 Qc7 6. g3 b5 7. Bg2 Bb7 8. 0-0 Nf6 9. Re1 d6 10. a4 bxa4 11. Nd5 exd5 12. exd5+ Kd8 13. Bg5 Nbd7 14. Qe2 Ne5 15. f4 Qc4 16. Qe4 Ke8 17. Bxf6 gxf6 18. b3 axb3 19. cxb3 Qb4 20. Ra4 Qb6 21. Kh1 Rc8 22. fxe5 dxe5 23. Nc6 Bxc6 24. dxc6 Be7 25. Qc4 a5 26. Rc1 Bd6 27. Qg4 Rd8 28. Qg7 Rf8 29. Qxf6 Qe3 30. Rca1 Bc7 31. Re4 Qxb3 32. Rxe5+ Bxe5 33. Qxe5+ Qe6 34. Re1 Rd6 35. Qxa5 Qxe1+ 36. Qxe1+ Re6 37. Qb4 1-0